Clic Qui chante ce titre "Pas dans le dico" ? - Statistiques

Statistiques générales
  • Ce quiz a été pris 43 fois
  • Le résultat moyen est 15 sur 30
Statistiques - réponses
Hint Réponse % Correct
Papaoutai Stromae
95%
Pookie Aya Nakamura
87%
L'Aziza Daniel Balavoine
87%
Nougayork Claude Nougaro
82%
Rockollection Laurent Voulzy
82%
Cho ka ka o Annie Cordy
74%
Machistador M
72%
La kiffance Naps
72%
Padam Padam Edith Piaf
64%
Le Téléfon Nino Ferrer
62%
Papayou Carlos
59%
C'est chelou Zaho
59%
L'avventura Stone & Charden
54%
Le frunkp Alphonse Brown
51%
Yalla Calogero
51%
Cœurdonnier Soprano
51%
La queuleuleu Bézu
49%
Outété Keen'V
46%
Tchiki boum Niagara
41%
Kolé séré Philippe Lavil & Jocelyne Béroard
41%
L'âme-stram-gram Mylène Farmer
36%
Le sampa Richard Gotainer
36%
Casatchok Rika Zaraï
36%
L'ami caouette Serge Gainsbourg
31%
Da dou ron ron Johnny Hallyday
28%
Yaka dansé Raft
28%
Tétéou Lio et Jacky
23%
Taka takata Joe Dassin
21%
Tamalou Françoise Hardy
10%
Ta ta ta ta Michel Polnareff
8%
Aucun quiz correspondant
Distribution des résultats
% des personnes avec chaque résultat
Percentile par nombre de réponses
Votre historique - résultats
Vous n’avez pas pris ce quiz